Every WWE World Champion ever - Statistics

General Stats
  • This quiz has been taken 24 times
    11 since last reset
  • The average score is 206 of 317
Answer Stats
Year WWE Championship % Correct
2016 | 2017 AJ Styles
100%
2021 Big E
100%
1999 | 2002 | 2011 | 2012 Big Show
100%
2002 | 2003 | 2014 | +4 others Brock Lesnar
100%
2008 | 2009 | 2011 | 2025 CM Punk
100%
2024 | 2025 Cody Rhodes
100%
2011 | 2013 | 2014 | 2018 Daniel Bryan
100%
2016 Dean Ambrose
100%
2020 | 2024 | 2026 Drew McIntyre
100%
1984 | 1989 | 1991 | +2 others Hulk Hogan
100%
2017 Jinder Mahal
100%
2005 | 2006 | 2008 | +7 others John Cena
100%
2019 Kofi Kingston
100%
2004 | 2007 | 2009 | +5 others Randy Orton
100%
1992 Ric Flair
100%
2015 | 2016 | 2018 | +2 others Roman Reigns
100%
2015 | 2016 | 2019 | +2 others Seth Rollins
100%
1996 | 1997 | 2002 Shawn Michaels
100%
1998 | 1999 | 2000 | +3 others The Rock
100%
1999 | 2000 | 2002 | +7 others Triple H
100%
2011 | 2013 Alberto Del Rio
75%
2005 | 2006 | 2007 | +2 others Batista
75%
2017 | 2019 | 2020 Bray Wyatt
75%
1994 Diesel
75%
2006 | 2007 | 2008 | +3 others Edge
75%
2016 Finn Bálor
75%
2024 | 2025 Gunther
75%
2008 | 2009 Jeff Hardy
75%
2025 Jey Uso
75%
2016 Kevin Owens
75%
1998 | 1999 Mankind
75%
2006 | 2010 | 2011 Rey Mysterio
75%
2006 Rob Van Dam
75%
2009 | 2010 | 2012 | 2015 Sheamus
75%
1998 | 1999 | 2001 Stone Cold Steve Austin
75%
2010 | 2021 The Miz
75%
2013 | 2014 AJ Lee
50%
1988 André The Giant
50%
2018 | 2020 | 2023 Asuka
50%
2017 | 2019 | 2024 Bayley
50%
2016 | 2018 | 2019 | +2 others Becky Lynch
50%
2021 | 2022 Bobby Lashley
50%
1992 | 1994 | 1995 | 1997 Bret Hart
50%
2015 | 2016 | 2017 | +4 others Charlotte Flair
50%
2001 | 2008 | 2010 Chris Jericho
50%
2011 Christian
50%
2024 Damien Priest
50%
2004 Eddie Guerrero
50%
2003 | 2017 | 2020 Goldberg
50%
1998 | 2010 Kane
50%
2000 | 2001 | 2002 | +2 others Kurt Angle
50%
2022 | 2024 Liv Morgan
50%
1988 | 1992 Randy Savage
50%
2021 | 2023 | 2025 Rhea Ripley
50%
1990 The Ultimate Warrior
50%
1991 | 1997 | 1999 | +4 others The Undertaker
50%
1993 Yokozuna
50%
2016 | 2017 | 2018 Alexa Bliss
25%
2017 Alexa bliss
25%
2011 Beth Phoenix
25%
2006 Booker T
25%
2020 Braun Strowman
25%
2011 Brie Bella
25%
1963 | 1973 Bruno Sammartino
25%
1963 Buddy Rogers
25%
2004 Chris Benoit
25%
2011 | 2013 Dolph Ziggler
25%
2010 | 2011 | 2012 Eve Torres
25%
2023 | 2025 Iyo Sky
25%
2010 Jack Swagger
25%
2025 Jade Cargill
25%
2009 Jillian Hall
25%
2004 John "Bradshaw" Layfield
25%
2013 Kaitlyn
25%
2011 Kelly Kelly
25%
2012 Layla
25%
2011 Mark Henry
25%
2008 | 2010 Maryse
25%
2008 | 2010 Michelle McCool
25%
2009 Mickie James
25%
2017 | 2025 Naomi
25%
2010 | 2017 Natalya
25%
2012 | 2014 Nikki Bella
25%
2014 Paige
25%
2018 | 2022 Ronda Rousey
25%
2016 | 2017 | 2020 Sasha Banks
25%
1991 Sgt. Slaughter
25%
2025 Stephanie Vaquer
25%
2007 The Great Khali
25%
2025 Tiffany Stratton
25%
1999 Vince McMahon
25%
2010 Alicia Fox
0%
2021 | 2022 | 2023 Bianca Belair
0%
1977 Billy Graham
0%
1978 | 1994 Bobby Backlund
0%
2018 Carmella
0%
1971 Ivan koloff
0%
2009 | 2010 Melina
0%
2018 | 2024 Nia Jax
0%
2021 Nikki A.S.H
0%
1971 Pedro Morales
0%
1973 Stan Stasiak
0%
1996 | 1997 Sycho Sid
0%
1983 The Iron Sheikh
0%
No matching quizzes found
Score Distribution
Percent of People with Each Score
Percentile by Number Answered
Your Score History
You have not taken this quiz since the last reset